| 000 | 01260nam a2200313Ia 4500 | ||
|---|---|---|---|
| 001 | ebr10660217 | ||
| 003 | CaPaEBR | ||
| 006 | m u | ||
| 007 | cr cn||||||||| | ||
| 008 | 090815s2008 nyua sb 001 0 eng d | ||
| 020 | _z160456816X (hbk.) | ||
| 020 | _z9781604568165 (hbk.) | ||
| 020 | _z9781608762743 (ebook) | ||
| 040 |
_aCaPaEBR _cCaPaEBR |
||
| 035 | _a(OCoLC)434021282 | ||
| 050 | 1 | 4 |
_aHD2910 _b.W36 2008eb |
| 082 | 0 | 4 |
_a658/.046 _222 |
| 100 | 1 |
_aWang, Yue, _d1970- |
|
| 245 | 1 | 0 |
_aContractual joint ventures in China _h[electronic resource] : _bformation, evolution and operation / _cYue Wang. |
| 260 |
_aNew York : _bNova Science Publishers, _cc2008. |
||
| 300 |
_aviii, 174 p. : _bcol. ill., col, map. |
||
| 504 | _aIncludes bibliographical references (p. [139]-154) and index. | ||
| 533 |
_aElectronic reproduction. _bPalo Alto, Calif. : _cebrary, _d2013. _nAvailable via World Wide Web. _nAccess may be limited to ebrary affiliated libraries. |
||
| 650 | 0 |
_aInvestments, Foreign _zChina. |
|
| 650 | 0 |
_aJoint ventures _zChina. |
|
| 655 | 7 |
_aElectronic books. _2local |
|
| 710 | 2 | _aebrary, Inc. | |
| 856 | 4 | 0 |
_uhttp://site.ebrary.com/lib/rucke/Doc?id=10660217 _zAn electronic book accessible through the World Wide Web; click to view |
| 999 |
_c170214 _d170214 |
||